000 00479nam a2200181Ia 4500
003 GCL
008 140319s9999 xx 000 0 eng d
040 _aGCL /
_cGCL
082 0 4 _a778.5992
_bS S
100 1 _aSTEFFENS, DONALD
245 1 0 _aSHOOTING OUTDOOR VIDEOS /
_cSTEFFENS, DONALD
260 _a[S.N] :
_bRAFFED MOUNLAIN PRESS ،
_c1993
300 _a114 P
650 0 4 _aVIDEO RECORDING
650 0 4 _aOUTDOOR PHOTOGRAPHY
650 0 4 _aCINEMATOGRAPHY
942 _2ddc
_cBK
999 _c21125
_d21125